000 00240nam a2200097Ia 4500
008 190216s9999||||xx |||||||||||||| ||und||
100 _aPublication Division Author
245 0 _aOur Play
260 _bSacheeny Publishing Company
942 _cBK
999 _c11878
_d11878